تمهيد للفلسفة

Bibliographic Details
Main Author: زقزوق، محمود حمدى (Author)
Format: Book
Published: Qahirah : Maktabat al-Anjilu al-Misriyah , 1979
Subjects:

MARC

LEADER 00000cam a2200000 7i4500
001 0000005630
005 20160411093000.0
090 0 0 |a BD15   |b .Z36 1979 
100 1 |a زقزوق، محمود حمدى ,   |e author 
241 1 0 |a Tamhid lil falsafah 
245 1 0 |a تمهيد للفلسفة   |c محمود حمدي زقزوق 
260 2 |a Qahirah :   |b Maktabat al-Anjilu al-Misriyah ,   |c 1979 
300 |a 314 p. ;   |c 25 cm. 
650 0 |a Philosophy   |x Introductions 
999 |a 1000013200   |b Book   |c OPEN SHELF (30 DAYS)   |e Gong Badak Campus 
999 |a 1000013201   |b Book   |c OPEN SHELF (30 DAYS)   |e Gong Badak Campus 
999 |a 1000013202   |b Book   |c OPEN SHELF (30 DAYS)   |e Gong Badak Campus 
999 |a 1000013203   |b Book   |c OPEN SHELF (30 DAYS)   |e Gong Badak Campus